[Event "Þorraleikur"]
[Site "http://www.queenalice.com/game.php?id=1151586"]
[Date "2013.2.13"]
[Round "-"]
[White "Balrog"]
[Black "gislibjo"]
[Result "1-0"]
[WhiteElo "1878"]
[BlackElo "1100"]

1. e4 e5 2. Nf3 Nc6 3. Bc4 a6 4. a3 Nf6 5. Nc3 Bc5 6. d3 d6 7. Bg5 h6 8. Bxf6
Qxf6 9. Nd5 Qd8 10. c3 O-O 11. h3 b5 12. Ba2 Be6 13. Nh2 Ne7 14. Qh5 Nxd5 15.
exd5 Bd7 16. f3 Be8 17. Qg4 Bd7 18. Qe4 f5 19. Qe2 f4 20. O-O-O c6 21. dxc6+ Kh8
22. cxd7 Qxd7 23. Bd5 Rab8 24. Qe4 Be3+ 25. Kb1 Bc5 26. Ng4 a5 27. Qg6 b4 28.
Be4 Kg8 29. Nxh6+ 1-0

[Event "Þorleikur"]
[Site "http://www.queenalice.com/game.php?id=1152958"]
[Date "2013.2.18"]
[Round "-"]
[White "gislibjo"]
[Black "Balrog"]
[Result "0-1"]
[WhiteElo "1100"]
[BlackElo "1880"]

1. e4 e5 2. Nf3 Nc6 3. Nc3 h6 4. Bb5 Nd4 5. Nxe5 Qg5 6. Nf3 Qxg2 7. Rf1 Nxf3+ 8.
Ke2 Nd4+ 9. Ke1 Nf6 10. Bd3 Bc5 11. Ne2 Nf3# 0-1

[Event "Kørekort"]
[Site "http://www.queenalice.com/game.php?id=1153490"]
[Date "2013.2.19"]
[Round "-"]
[White "Balrog"]
[Black "gislibjo"]
[Result "1-0"]
[WhiteElo "1882"]
[BlackElo "1100"]

1. e4 e5 2. Nf3 Nc6 3. Bc4 h6 4. O-O Nf6 5. Nc3 Bc5 6. h3 O-O 7. d3 d6 8. Nh4
Nh5 9. Ng6 Nf6 10. Nxf8 Qxf8 11. Be3 Nd4 12. f4 exf4 13. Rxf4 Ne6 14. Rf3 Ng5
15. Rg3 Bxe3+ 16. Rxe3 b6 17. Qd2 Bb7 18. Rf1 Nd7 19. Rg3 Ne5 20. Bb3 c5 21. h4
Nh7 22. Qxh6 g6 23. Qh5 Kh8 24. Qe2 Qe7 25. Rh3 Nf6 26. Bd5 Bxd5 27. exd5 Rg8
28. Rf4 Nh5 29. Rf1 a6 30. Qe3 Rg7 31. g4 Nf6 32. Rf4 Rh7 33. Ne2 Qd7 34. Rxf6
Nxg4 35. Qf4 Nxf6 36. Qxf6+ Kg8 37. Rg3 Rh5 38. Qf4 Kh7 39. Rg5 Rxg5+ 40. hxg5
Qh3 41. Ng3 Qd7 42. Ne4 Qf5 43. Qxd6 Qg4+ 44. Kf2 Qh4+ 45. Qg3 Qxg3+ 46. Kxg3
Kg7 47. Nf6 b5 48. a3 a5 49. d6 Kf8 50. Kf4 a4 51. Ke5 b4 52. Kd5 bxa3 53. bxa3
c4 54. Kc6 cxd3 55. cxd3 Kg7 56. d7 1-0

[Event "Marsdansinn"]
[Site "http://www.queenalice.com/game.php?id=1160666"]
[Date "2013.3.13"]
[Round "-"]
[White "gislibjo"]
[Black "Balrog"]
[Result "0-1"]
[WhiteElo "1100"]
[BlackElo "1884"]

1. e4 e5 2. Nf3 Nc6 3. Bc4 Nd4 4. c3 Nxf3+ 5. Qxf3 Qf6 6. Qd1 Bc5 7. O-O Nh6 8.
h3 d6 9. d3 Qg6 10. Qf3 O-O 11. Be3 Kh8 12. Bxc5 dxc5 13. Nd2 c6 14. Bb3 f5 15.
exf5 Bxf5 16. Ne4 b6 17. Bc2 Nf7 18. Ng3 Ng5 19. Nxf5 Nxf3+ 20. Kh1 Qxf5 21.
gxf3 Qxh3+ 0-1

[Event "Challenge"]
[Site "http://www.queenalice.com/game.php?id=1161457"]
[Date "2013.3.16"]
[Round "-"]
[White "Balrog"]
[Black "gislibjo"]
[Result "1-0"]
[WhiteElo "1886"]
[BlackElo "1196"]

1. e4 e5 2. Bc4 Nc6 3. Nf3 h6 4. Nc3 Nf6 5. d4 exd4 6. Nxd4 Nxd4 7. Qxd4 c5 8.
Qe5+ Be7 9. Nd5 Nxd5 10. Qxd5 O-O 11. Qe5 d6 12. Qg3 Bg5 13. Bf4 Bxf4 14. Qxf4
Be6 15. Bxe6 fxe6 16. Qe3 Qa5+ 17. c3 b5 18. O-O b4 19. c4 Qd8 20. f4 Qf6 21. b3
a5 22. Rad1 Rad8 23. g3 e5 24. Rd2 exf4 25. Rxf4 Qa1+ 26. Kg2 Rxf4 27. gxf4 Qf6
28. e5 Qe6 29. Rd5 Qe7 30. Qd3 Rf8 31. exd6 Qd7 32. Kg3 Rd8 33. h4 Kf7 34. h5
Qe6 35. Rf5+ Kg8 36. Qd5 Rxd6 37. Qxe6+ Rxe6 38. Rxc5 Ra6 39. Rb5 Kh7 40. f5 Kg8
41. c5 Kf7 42. Kf4 Kg8 43. Rb6 Ra7 44. c6 Kh7 45. Rb7 Ra8 46. f6 Kg8 47. Rxg7+
Kh8 48. Rb7 Rf8 49. Kf5 Rg8 50. Rg7 Rxg7 51. fxg7+ Kxg7 52. c7 a4 53. c8=Q 1-0

[Event "Framhjágangan"]
[Site "http://www.queenalice.com/game.php?id=1165764"]
[Date "2013.3.29"]
[Round "-"]
[White "gislibjo"]
[Black "Balrog"]
[Result "0-1"]
[WhiteElo "1196"]
[BlackElo "1888"]

1. e4 e5 2. Nf3 Nc6 3. Bc4 Nd4 4. Nxd4 exd4 5. O-O d6 6. Qf3 Qf6 7. Qxf6 Nxf6 8.
d3 Be7 9. h3 Be6 10. Bxe6 fxe6 11. Nd2 e5 12. Nf3 O-O 13. Bg5 Rf7 14. Bxf6 Bxf6
15. Rac1 Raf8 16. a4 c6 17. b3 Bd8 18. b4 g5 19. Kh2 h5 20. a5 g4 21. hxg4 hxg4
22. Nd2 Rxf2 23. Rxf2 Rxf2 24. Nf1 Bg5 25. Kg3 Rxg2+ 26. Kxg2 Bxc1 27. Kg3 Ba3
28. Kxg4 Bxb4 29. Kf5 Kf7 30. Ng3 Bxa5 31. Nh5 Bd8 32. Ng3 Ba5 33. Nh5 Bd2 34.
Nf6 Ke7 35. Ng8+ Kd8 36. Ke6 Bb4 37. Nf6 a5 38. Nd7 a4 39. Nb6 a3 0-1

[Event "Challenge"]
[Site "http://www.queenalice.com/game.php?id=1171123"]
[Date "2013.4.13"]
[Round "-"]
[White "zmanomega"]
[Black "Balrog"]
[Result "0-1"]
[WhiteElo "1588"]
[BlackElo "1890"]

1. d4 f5 2. e3 e6 3. Nf3 Nf6 4. Bd3 Be7 5. Ne5 O-O 6. Nc3 b6 7. f3 Bb7 8. e4
fxe4 9. fxe4 Nc6 10. Nxc6 Bxc6 11. O-O a6 12. e5 Nd5 13. Ne4 b5 14. Qe2 Qe8 15.
Bg5 Rxf1+ 16. Rxf1 Bxg5 17. Nxg5 h6 18. Nh7 Qe7 19. Bg6 d6 20. Rf7 Qh4 21. Qf1
Qd8 22. Rf8+ Qxf8 23. Nxf8 Rxf8 24. Qd3 Nf4 25. Qd2 Nxg6 26. g3 Rc8 27. Qd3 Ne7
28. c4 Kf7 29. exd6 cxd6 30. c5 Rd8 31. g4 dxc5 32. Qf1+ Ke8 33. dxc5 Rd2 34. h3
Rxb2 35. Qa1 Rg2+ 36. Kf1 Kf7 37. Qd1 Rxa2 38. Qd4 Bd5 39. Qf4+ Kg8 40. Qb8+ Kh7
41. Qe8 Nc6 42. h4 b4 43. h5 Ne5 44. Qf8 b3 45. Qb8 Nd3 46. Qb6 Bf3 47. Qxb3
Ra1+ 0-1

[Event "Challenge"]
[Site "http://www.queenalice.com/game.php?id=1171450"]
[Date "2013.4.14"]
[Round "-"]
[White "Balrog"]
[Black "gislibjo"]
[Result "1-0"]
[WhiteElo "1894"]
[BlackElo "1196"]

1. e4 e5 2. Nf3 Nc6 3. d4 exd4 4. e5 h6 5. Bf4 a6 6. Nxd4 Nxd4 7. Qxd4 Ne7 8.
Bc4 Nc6 9. Qd5 Qe7 10. O-O Qe6 11. Nc3 Qxd5 12. Nxd5 Kd8 13. Rad1 Bc5 14. c3 Re8
15. e6 fxe6 16. Bxc7# 1-0

[Event "Challenge"]
[Site "http://www.queenalice.com/game.php?id=1175705"]
[Date "2013.4.27"]
[Round "-"]
[White "gislibjo"]
[Black "Balrog"]
[Result "0-1"]
[WhiteElo "1196"]
[BlackElo "1896"]

1. e4 e5 2. Nf3 Nc6 3. Nc3 Bc5 4. Bb5 Nge7 5. d3 d6 6. Bg5 f6 7. Bxc6+ Nxc6 8.
Bh4 Bg4 9. h3 Bh5 10. O-O Nd4 11. g4 Bg6 12. Nxd4 Bxd4 13. Qd2 Qd7 14. Rab1 h5
15. Nd5 hxg4 16. Bg3 Rxh3 17. Kg2 O-O-O 18. Rh1 Rdh8 19. c3 Bb6 20. Rxh3 gxh3+
21. Kh2 Bh5 22. Nxb6+ axb6 23. Qe3 c5 24. Bh4 g5 25. Bg3 Bf7 26. b4 Kc7 27. c4
Qa4 28. bxc5 bxc5 29. Qd2 g4 30. Rb5 b6 31. Qb2 Qa6 32. Qb3 Be8 33. a4 Bxb5 34.
cxb5 Qc8 35. Qf7+ Qd7 36. Qxf6 Ra8 37. Bxe5 Rxa4 38. Bg3 Rb4 39. e5 dxe5 40.
Bxe5+ Kb7 41. Qf8 Rxb5 42. Qb8+ Ka6 43. Qa8+ Qa7 44. Qc8+ Ka5 45. Bc3+ Rb4 46.
Bxb4+ cxb4 47. Qxg4 Qh7 48. Qg5+ Ka4 49. Qe3 b5 50. f4 b3 51. Qd4+ b4 52. Qa1+
Kb5 53. Qe5+ Ka4 54. Qa1+ Kb5 55. Qe5+ Kc6 56. Qe6+ Kb5 57. Qxb3 Qf5 58. Qc4+
Ka4 59. Qa2+ Kb5 60. Qc4+ Ka5 61. Qa2+ Kb6 62. Qf2+ Qc5 63. Qb2 Qc3 64. Qe2 b3
65. Qe3+ Kb5 66. Qe8+ Kb4 67. Qe7+ Ka4 68. Qa7+ Qa5 69. Qd7+ Ka3 70. Qd6+ Ka2
71. Qd5 Qd2+ 72. Kxh3 Qxf4 73. Qg2+ Kb1 74. Qg1+ Qc1 75. Qf2 b2 76. Qd4 Qh6+ 77.
Kg3 Qg5+ 78. Kf3 Qh5+ 79. Kf2 Qd1 80. Qe3 Qb3 81. Qd2 Qc2 82. Ke2 Qxd2+ 83. Kxd2
Ka2 84. d4 b1=Q 85. d5 Qb3 86. d6 Qh3 87. d7 Qxd7+ 88. Ke2 Kb3 89. Kf3 Kc3 90.
Kf4 Kd4 91. Kf3 Qf5+ 92. Ke2 Qf4 93. Kd1 Kd3 94. Ke1 Qf6 0-1

[Event "Challenge"]
[Site "http://www.queenalice.com/game.php?id=1180954"]
[Date "2013.5.13"]
[Round "-"]
[White "koutouzov"]
[Black "Balrog"]
[Result "0-1"]
[WhiteElo "2008"]
[BlackElo "1898"]

1. d4 d5 2. Nc3 Bf5 3. e3 Nf6 4. Bd3 Bxd3 5. Qxd3 c6 6. Nge2 Nbd7 7. O-O e6 8.
Bd2 h5 9. e4 dxe4 10. Nxe4 Be7 11. Nxf6+ Nxf6 12. h4 Nd5 13. c4 Nc7 14. Qg3 Bxh4
15. Qxg7 Bf6 16. Qg3 h4 17. Qg4 Qe7 18. a3 O-O-O 19. Bb4 Qd7 20. Bc3 h3 21. g3
h2+ 22. Kh1 Rdg8 23. Qf3 Bg7 24. Rad1 Rh7 0-1

[Event "Challenge"]
[Site "http://www.queenalice.com/game.php?id=1189721"]
[Date "2013.6.10"]
[Round "-"]
[White "Shigeru"]
[Black "Balrog"]
[Result "1-0"]
[WhiteElo "1500"]
[BlackElo "1898"]

1. e4 e5 2. Nf3 Nc6 3. Bc4 Nd4 4. Nxd4 exd4 5. O-O c5 6. Re1 Qf6 7. e5 Qg6 8. d3
Be7 9. Nd2 Bd8 10. Ne4 Be7 11. Nd6+ Kd8 12. Nxf7+ Qxf7 13. Bxf7 b6 14. Qf3 Rb8
15. e6 Bb7 16. Qg3 d6 17. Qxg7 Kc7 18. Qxh8 Nf6 19. Qg7 b5 20. Bg5 Nd5 21. Bxe7
Nxe7 22. Qf6 Nd5 23. Qh4 Bc6 24. Qxh7 Kb6 25. a4 a5 26. e7 Nc7 27. axb5 Bxb5 28.
b4 Rb7 29. bxa5+ Ka6 30. e8=Q Nxe8 31. Rxe8 Bxe8 32. Bc4+ Ka7 33. Qe4 Bd7 34. a6
Rc7 35. Rb1 Bc8 36. Rb7+ Bxb7 37. axb7 Rxb7 38. h4 1-0

[Event "Challenge"]
[Site "http://www.queenalice.com/game.php?id=1209663"]
[Date "2013.8.20"]
[Round "-"]
[White "snebur1956"]
[Black "Balrog"]
[Result "1-0"]
[WhiteElo "2340"]
[BlackElo "1916"]

1. e4 e5 2. Nf3 Nc6 3. Bb5 Nd4 4. Nxd4 exd4 5. O-O Be7 6. Bc4 d6 7. Qh5 g6 8.
Qd5 Nh6 9. Qxd4 O-O 10. Qc3 Ng4 11. d4 c6 12. f3 Nf6 13. Bh6 Re8 14. Qd2 d5 15.
Bb3 Be6 16. Nc3 Kh8 17. Rae1 Ng8 18. Bf4 a5 19. exd5 cxd5 20. Be5+ Bf6 21. f4 h5
22. Qd3 Kg7 23. Qb5 Ra7 24. Nxd5 Bxd5 25. Bxd5 Bxe5 26. fxe5 b6 27. c3 Ree7 28.
Bc4 Nh6 29. Qc6 Kh7 30. Rf6 Ng4 31. Qxb6 Nxf6 32. Qxd8 Ng8 33. d5 Reb7 34. d6
Rxb2 35. d7 Rd2 36. e6 f6 37. e7 Nxe7 38. Rxe7+ Kh6 39. h4 g5 40. Qh8+ Kg6 41.
Qh7# 1-0

[Event "Challenge"]
[Site "http://www.queenalice.com/game.php?id=1209664"]
[Date "2013.8.20"]
[Round "-"]
[White "Balrog"]
[Black "snebur1956"]
[Result "0-1"]
[WhiteElo "1918"]
[BlackElo "2338"]

1. e4 e5 2. Nf3 Nc6 3. Bc4 Bc5 4. O-O d6 5. Nc3 Bg4 6. Be2 Nf6 7. d3 d5 8. exd5
Nxd5 9. Nxd5 Qxd5 10. Bg5 Bxf3 11. gxf3 f6 12. Bh4 g5 13. Bg3 Qe6 14. Kg2 f5 15.
h3 f4 16. Bh2 Ne7 17. Rh1 Nf5 18. Qg1 Nh4+ 19. Kf1 Qxh3+ 20. Ke1 Nxf3+ 21. Bxf3
Qxf3 22. Rd1 g4 23. Rd2 g3 24. Kf1 O-O-O 25. Qg2 Qxg2+ 26. Kxg2 gxh2 27. Kxh2
Rhg8 28. Rg1 Rxg1 29. Kxg1 e4 30. Re2 exd3 31. cxd3 Rxd3 32. a3 f3 33. Re1 Rd2
34. Kh2 Bxf2 35. Rf1 Bd4+ 36. Kg3 f2 37. b4 Rd3+ 38. Kg2 Rxa3 39. Rh1 Ra1 40.
Rxa1 Bxa1 41. Kxf2 b5 0-1

[Event "Challenge"]
[Site "http://www.queenalice.com/game.php?id=1217078"]
[Date "2013.9.14"]
[Round "-"]
[White "filomenos"]
[Black "Balrog"]
[Result "1-0"]
[WhiteElo "1981"]
[BlackElo "1914"]

1. d4 d5 2. g3 Bf5 3. Bg2 Nf6 4. Nf3 h6 5. Bf4 e6 6. c3 Be7 7. O-O O-O 8. Nbd2
Nbd7 9. Nb3 Nh5 10. Qc1 Bg4 11. Re1 Bxf3 12. Bxf3 Nxf4 13. Qxf4 Bg5 14. Qg4 f5
15. Qh3 Nf6 16. Nc5 Qc8 17. c4 c6 18. b3 b6 19. Nd3 1-0

[Event "Challenge"]
[Site "http://www.queenalice.com/game.php?id=1217101"]
[Date "2013.9.14"]
[Round "-"]
[White "Balrog"]
[Black "filomenos"]
[Result "0-1"]
[WhiteElo "1901"]
[BlackElo "1994"]

1. e4 d5 2. exd5 Qxd5 3. Nc3 Qe6+ 4. Be2 c6 5. d3 g6 6. Be3 Bg7 7. Qd2 Nf6 8.
Nf3 O-O 9. O-O Qd6 10. a3 Bg4 11. Bh6 Re8 12. Bxg7 Kxg7 13. Rae1 Nbd7 14. h3
Bxf3 15. Bxf3 Nb6 16. Ne2 Nbd5 17. c4 Nc7 18. Ng3 Rad8 0-1

[Event "Challenge"]
[Site "http://www.queenalice.com/game.php?id=1221458"]
[Date "2013.10.1"]
[Round "-"]
[White "Balrog"]
[Black "filomenos"]
[Result "1-0"]
[WhiteElo "1889"]
[BlackElo "1983"]

1. e4 d5 2. e5 g6 3. d4 Bg7 4. h3 c6 5. Bd3 Nd7 6. Nf3 f6 7. O-O fxe5 8. dxe5
Nxe5 9. Re1 Nxf3+ 10. Qxf3 Nf6 11. Bg5 O-O 12. Qe3 Rf7 13. Nd2 Qd6 14. Nf3 Bd7
15. Rab1 Re8 16. Ne5 Rff8 17. Bh6 a6 18. Bxg7 Kxg7 19. g4 Bc8 20. f4 Nd7 21. Re2
Nc5 22. Qd4 Kg8 23. Rg2 Ne6 24. Qe3 Nxf4 25. Rg3 Nxd3 26. cxd3 Rf6 27. Re1 e6
28. Rf1 Rxf1+ 29. Kxf1 Qb4 30. Rg2 Rf8+ 31. Kg1 Qf4 32. Qe1 c5 33. b3 Qb4 34.
Qxb4 cxb4 35. Rc2 Kg7 36. Kg2 Kh6 37. Kg3 Kg5 38. h4+ Kh6 39. Rc7 g5 40. Nf7+
Kg6 41. Nxg5 h6 42. Nf3 Kf6 43. d4 b5 44. Ne5 Re8 45. Rf7# 1-0

[Event "Challenge"]
[Site "http://www.queenalice.com/game.php?id=1221459"]
[Date "2013.10.1"]
[Round "-"]
[White "filomenos"]
[Black "Balrog"]
[Result "1/2-1/2"]
[WhiteElo "1980"]
[BlackElo "1909"]

1. d4 d5 2. g3 Nf6 3. Bg2 Bf5 4. Nf3 h6 5. O-O Nc6 6. c3 Ne4 7. Bf4 f6 8. Nbd2
g5 9. Nxe4 Bxe4 10. Be3 Qd6 11. Nd2 Bxg2 12. Kxg2 h5 13. Nb3 b6 14. f4 g4 15.
Nd2 h4 16. Rh1 Kf7 17. Nb3 Qe6 18. Qd3 Bg7 19. Raf1 f5 20. Kf2 Na5 21. Nxa5 bxa5
22. a4 Rab8 23. Qc2 Rb6 24. Rb1 h3 25. b3 Kg6 26. b4 axb4 27. cxb4 Qd6 28. b5
Rhb8 29. Rhc1 R8b7 30. Qd3 e6 31. Rc2 Qe7 32. Bd2 Qd8 33. e3 Rd6 34. Ba5 Rd7 35.
Rc6 Kf7 36. Rbc1 Bf8 37. Qb3 Bd6 38. Bb4 Bxb4 39. Qxb4 Rd6 40. Rxd6 cxd6 41. Rc6
Ke7 42. a5 Qd7 43. Qa4 Rc7 44. Rxc7 Qxc7 45. Qa2 Qc4 46. Qxc4 dxc4 47. Ke2 Kd7
48. Kd2 d5 49. Kc3 Kc7 50. Kb4 Kb7 51. Ka4 Kc7 52. Kb4 Kb7 53. Kc3 Kc7 54. Kb4
Kc8 55. Kc3 Kb7 56. Kb4 Ka8 57. Kc3 Kb7 1/2-1/2

[Event "Challenge"]
[Site "http://www.queenalice.com/game.php?id=1260134"]
[Date "2014.2.26"]
[Round "-"]
[White "priscilinha"]
[Black "Balrog"]
[Result "0-1"]
[WhiteElo "1100"]
[BlackElo "1914"]

1. e4 e5 2. Bb5 Nc6 3. Nf3 Nd4 4. O-O Nxb5 5. Nxe5 Nf6 6. a4 Nd6 7. Nc3 c6 8. a5
Qe7 9. Na4 Qxe5 10. d4 Qxa5 11. b3 Ndxe4 12. c3 Qc7 13. c4 Be7 14. Bg5 Nxg5 15.
Nc5 O-O 16. Ra4 d5 17. cxd5 Ng4 18. dxc6 Qxh2# 0-1

[Event "Challenge"]
[Site "http://www.queenalice.com/game.php?id=1267863"]
[Date "2014.3.25"]
[Round "-"]
[White "Kingkila"]
[Black "Balrog"]
[Result "1-0"]
[WhiteElo "1884"]
[BlackElo "1916"]

1. e4 e5 2. Qf3 Nf6 3. Bc4 d6 4. h3 c6 5. d3 a5 6. a4 d5 7. Bg5 dxc4 8. Bxf6
Qxf6 9. Qxf6 gxf6 10. dxc4 Bh6 11. Nf3 Rg8 12. g4 Bf4 13. Nbd2 Nd7 14. O-O-O Nc5
15. Rhe1 Nxa4 16. Kb1 Ke7 17. Nb3 Be6 18. Nfd2 Rgb8 19. Ka2 b5 20. Ka3 Nb6 21.
cxb5 Bxd2 22. Nxd2 c5 23. b3 c4 24. bxc4 Bxc4 25. Nxc4 Nxc4+ 26. Kb3 Nd6 27. c4
Rb7 28. Rd5 h6 29. f3 a4+ 30. Kb4 a3 31. Ra1 Rba7 32. Rc5 a2 33. Kb3 Ra3+ 34.
Kb2 Rxf3 35. Rc7+ Kf8 36. b6 Rf2+ 37. Kb3 Nxe4 38. b7 Nd2+ 39. Kb4 Rd8 40. Rc8
Rxc8 41. bxc8=Q+ Kg7 42. Rxa2 1-0

[Event "Challenge"]
[Site "http://www.queenalice.com/game.php?id=1268477"]
[Date "2014.3.27"]
[Round "-"]
[White "Balrog"]
[Black "Kingkila"]
[Result "0-1"]
[WhiteElo "1899"]
[BlackElo "1918"]

1. e4 e5 2. Nf3 Bc5 3. Nc3 d6 4. h3 Be6 5. d4 Bb4 6. Bd2 exd4 7. Nxd4 c5 8. Nf3
Ne7 9. Be2 O-O 10. O-O Nbc6 11. a3 Bxc3 12. Bxc3 a6 13. Nh2 b5 14. f4 f5 15. e5
d5 16. Be1 Qb6 17. c3 Rad8 18. Bh4 Rd7 19. Qe1 d4 20. Rd1 Nd5 21. Rf3 Ne3 22.
Rd2 Qa5 23. Qc1 Qa4 24. Rf2 Na5 25. Qb1 Nb3 26. Rd1 Nxd1 27. Bxd1 Qc4 28. Nf3 d3
29. g3 h6 30. Kh2 Qe4 31. Qa2 c4 32. a4 Qe3 33. Kg2 Bd5 34. Kf1 d2 35. axb5 Bxf3
36. Bxf3 Qe1+ 37. Kg2 d1=Q 38. Bxd1 Rxd1 39. g4 Qg1+ 40. Kf3 Rd3+ 0-1

[Event "Challenge"]
[Site "http://www.queenalice.com/game.php?id=1269421"]
[Date "2014.3.31"]
[Round "-"]
[White "Kingkila"]
[Black "Balrog"]
[Result "0-1"]
[WhiteElo "1933"]
[BlackElo "1884"]

1. e4 e5 2. Bc4 Nc6 3. d3 Be7 4. Qf3 Nf6 5. Bg5 Nd4 6. Qd1 O-O 7. c3 Ne6 8. Nh3
c6 9. b4 b5 10. Bxe6 fxe6 11. O-O d5 12. Qf3 Nxe4 13. Qg4 Nxg5 14. Nd2 e4 15.
Nxg5 Bxg5 16. Nb3 e5 17. Qe2 Bf5 18. d4 Bf4 19. g3 Qg5 20. Kh1 Bg4 21. Qe1 Bf3+
22. Kg1 Qg4 23. Nd2 Bxd2 24. Qxd2 Qh3 0-1

[Event "Challenge"]
[Site "http://www.queenalice.com/game.php?id=1270309"]
[Date "2014.4.4"]
[Round "-"]
[White "Balrog"]
[Black "Kingkila"]
[Result "1/2-1/2"]
[WhiteElo "1902"]
[BlackElo "1899"]

1. e4 e5 2. Nf3 d6 3. Nc3 Bg4 4. Be2 Nc6 5. d4 Bxf3 6. Bxf3 Nxd4 7. Be3 Ne6 8.
O-O Be7 9. Ne2 Qd7 10. Ng3 g6 11. c3 b6 12. Qe2 Nf6 13. Rad1 Qa4 14. b3 Qc6 15.
c4 Rd8 16. h3 a6 17. Qb2 Qb7 18. Bh6 Bf8 19. Bc1 Be7 20. Qc3 a5 21. b4 c5 22. a3
O-O 23. Nf5 Nd4 24. Nxd4 cxd4 25. Qd3 axb4 26. axb4 Ra8 27. Rd2 Ra1 28. g4 h6
29. Bg2 Kg7 30. Qc2 Rfa8 31. f4 Nh7 32. Qd3 f6 33. h4 R8a4 34. Qb3 Nf8 35. g5
Ne6 36. gxh6+ Kxh6 37. Rdf2 Nxf4 38. Bxf4+ exf4 39. e5 Qc8 40. exf6 R1a3 41. Qd1
Bxf6 42. Rxf4 Be5 43. Rg4 Ra1 44. Qd2+ Kh7 45. Qg5 Rxf1+ 46. Bxf1 Qf5 47. b5 Ra1
48. Qxf5 gxf5 49. Rg2 Kh6 50. Kf2 Kh5 51. Rg5+ Kxh4 52. Rxf5 Ra3 53. Rf7 Kg4 54.
Be2+ Kg5 55. Rf3 Rc3 56. Bd3 Ra3 57. Rh3 Rc3 58. Bf1 Kg4 59. Rxc3 dxc3 60. Ke3
c2 61. Kd2 c1=Q+ 62. Kxc1 Kf4 63. Kd2 Ke4 64. Ke2 Kd4 65. Kf3 Kc5 66. Ke4 Bd4
67. Kf5 Bc3 1/2-1/2